000
00322nam a22001457a 4500
008
230508b ||||| |||| 00| 0 eng d
020
_a
9780393979572
041
_a
eng
080
_a
159.9
082
_a
159.9BRA
100
_a
25
101
_a
PSI
245
_a
INTIMATE RELATIONSHIPS
_c
BRADBURY.N.TH
942
_2
udc
_c
BK
999
_c
59669
_d
59669